PR-SOF-1973-Design and Development of a Drilling Agribot (Record no. 579103)

000 -LEADER
fixed length control field 00403nam a22001217a 4500
082 ## - DEWEY DECIMAL CLASSIFICATION NUMBER
Classification number 220PRO
100 ## - MAIN ENTRY--PERSONAL NAME
Personal name Bibi Fatima. Daina Asim. Hamza Khan. Shanza Kayani
9 (RLIN) 73330
245 ## - TITLE STATEMENT
Title PR-SOF-1973-Design and Development of a Drilling Agribot
260 ## - PUBLICATION, DISTRIBUTION, ETC.
Place of publication, distribution, etc. ISLAMABAD
Name of publisher, distributor, etc. NUST COLLEGE OF EME
Date of publication, distribution, etc. 2020
650 ## - SUBJECT ADDED ENTRY--TOPICAL TERM
Topical term or geographic name entry element DE-MTS-38
700 ## - ADDED ENTRY--PERSONAL NAME
Personal name Project Supervisor's Dr. Danish Hussain. Kanwal Naveed
9 (RLIN) 73331
942 ## - ADDED ENTRY ELEMENTS (KOHA)
Koha item type Computer Files
Holdings
Withdrawn status Lost status Damaged status Not for loan Permanent Location Current Location Shelving location Date acquired Total Checkouts Full call number Barcode Date last seen Price effective from Koha item type
        College of Electrical & Mechanical Engineering (CEME) College of Electrical & Mechanical Engineering (CEME) Reference 04/15/2021   220PRO PR-SOF-1973 06/28/2021 06/28/2021 Computer Files
© 2023 Central Library, National University of Sciences and Technology. All Rights Reserved.